[Event "Xtracon Chess Open 2016"]
[Site "Elsinore"]
[Date "2016.07.28"]
[Round "7.45"]
[White "Madsen, Michael B"]
[Black "Schmidt, Kristen"]
[Result "1-0"]
[WhiteElo "2089"]
[BlackElo "2241"]
[PlyCount "137"]
[EventDate "2016.07.23"]

1. d4 Nf6 2. c4 g6 3. Nc3 Bg7 4. e4 d6 5. Nf3 O-O 6. Be2 e5 7. O-O Nbd7 8. Qc2
c6 9. Rd1 Qe7 10. d5 c5 11. Bg5 h6 12. Bd2 Ne8 13. g3 Kh7 14. Nh4 Ndf6 15. Rab1
b6 16. a3 Ng4 17. f3 Ngf6 18. b4 Nh5 19. bxc5 dxc5 20. Ng2 Nhf6 21. f4 Nd7 22.
Bf3 Nd6 23. Nb5 Nxb5 24. Rxb5 Nf6 25. fxe5 Ng4 26. Bxg4 Bxg4 27. Re1 Bxe5 28.
Bc3 Rae8 29. Rb3 Bd7 30. Bxe5 Qxe5 31. Rbe3 g5 32. Qe2 Re7 33. Rd1 Ree8 34. Ne1
f5 35. Nf3 Qg7 36. exf5 Rxe3 37. Qxe3 Bxf5 38. Re1 Bh3 39. d6 Kg8 40. Qd3 g4
41. Nd2 Qf6 42. Qd5+ Rf7 43. Re8+ Kh7 44. Qe4+ Kg7 45. Qe5 Qxe5 46. Rxe5 Kf6
47. Re1 Rd7 48. Ne4+ Kf5 49. Re2 Rd8 50. Kf2 Rf8 51. Ke3 Ke5 52. Rf2 Rf3+ 53.
Rxf3 gxf3 54. Kxf3 Bd7 55. g4 Bc6 56. Ke3 Bd7 57. h3 Be6 58. g5 hxg5 59. Nxg5
Bd7 60. h4 Kxd6 61. h5 Bf5 62. h6 Kc6 63. h7 Bxh7 64. Nxh7 b5 65. Nf6 a5 66.
Kd3 Kb6 67. Nd5+ Kc6 68. Ne3 Kb6 69. Nd1 1-0

[Event "Xtracon Chess Open 2016"]
[Site "Elsinore"]
[Date "2016.07.28"]
[Round "7.46"]
[White "Thorsbro, Peter"]
[Black "Brorsen, Jacob Abildlund"]
[Result "1/2-1/2"]
[WhiteElo "2239"]
[BlackElo "2112"]
[PlyCount "125"]
[EventDate "2016.07.23"]

1. d4 Nf6 2. c4 g6 3. Nc3 d5 4. Nf3 Bg7 5. cxd5 Nxd5 6. Bg5 Nxc3 7. bxc3 c5 8.
e3 Qa5 9. Qb3 Nc6 10. Bc4 O-O 11. O-O cxd4 12. cxd4 Bg4 13. Qb5 Rac8 14. Rac1
h6 15. Bh4 g5 16. Bg3 Qxb5 17. Bxb5 Nb4 18. Bc4 a6 19. a3 Nc6 20. Bd5 Bd7 21.
Rc5 b6 22. Rc2 g4 23. Rfc1 Na5 24. Ne5 Bxe5 25. Bxe5 e6 26. Ba2 Rxc2 27. Rxc2
Nc6 28. Bf4 Kg7 29. f3 h5 30. Kf2 Kf6 31. Bc4 gxf3 32. Bxa6 fxg2 33. Bb7 Rg8
34. Kg1 Na5 35. Bxg2 Bc6 36. Bc7 Bxg2 37. Rxg2 Rxg2+ 38. Kxg2 Nc4 39. Kf3 b5
40. Bd8+ Kg6 41. Be7 f5 42. Bb4 Kg5 43. Be7+ Kg6 44. Bb4 Kg5 45. Be7+ Kg6 46.
Kf4 Kf7 47. Bb4 Kf6 48. e4 fxe4 49. Kxe4 Nb6 50. h4 Nd5 51. Ba5 Ke7 52. Ke5 Kd7
53. Bb4 Ne7 54. Kf6 Nf5 55. d5 Nxh4 56. dxe6+ Ke8 57. Ke5 Ng2 58. Ke4 h4 59.
Kf3 h3 60. Bd6 Ne1+ 61. Kg3 h2 62. Kxh2 Nf3+ 63. Kg3 1/2-1/2

[Event "Xtracon Chess Open 2016"]
[Site "Elsinore"]
[Date "2016.07.28"]
[Round "7.47"]
[White "Holleland, Sigve"]
[Black "Brondt, Nicolai Kvist"]
[Result "1/2-1/2"]
[WhiteElo "2087"]
[BlackElo "2231"]
[PlyCount "116"]
[EventDate "2016.07.23"]

1. c4 c5 2. Nc3 e6 3. e4 Nc6 4. d3 g6 5. f4 d6 6. Nf3 Bg7 7. g3 Nge7 8. Bg2 O-O
9. O-O Rb8 10. Re1 e5 11. h3 a6 12. a4 Nd4 13. Nxd4 cxd4 14. Nd5 b5 15. Nxe7+
Qxe7 16. cxb5 axb5 17. b4 bxa4 18. Qxa4 exf4 19. Bxf4 Be5 20. b5 Qb7 21. Rab1
Bd7 22. Rb3 Bxb5 23. Qa5 Qa6 24. Ra1 Bxf4 25. gxf4 Qxa5 26. Rxa5 Bc6 27. Raa3
Rfc8 28. Kf2 Kf8 29. h4 Bd7 30. Bf1 Ke7 31. Kf3 Kd8 32. Kg3 h5 33. Be2 Ra8 34.
Rxa8 Rxa8 35. Rb4 Ra2 36. Bf3 Ra4 37. Rxa4 Bxa4 38. f5 Ke7 39. Kf4 Kf6 40. fxg6
fxg6 41. Be2 Bd7 42. Bd1 Bb5 43. Bc2 Bd7 44. Bb3 Be6 45. Ba4 Ba2 46. Bb5 Bb3
47. Ba6 Bd1 48. Bc4 Be2 49. Ba6 Ke6 50. Bc4+ Kf6 51. Ba6 Bg4 52. Bc4 Be6 53.
Bb5 Bh3 54. Ba4 Bg4 55. Bc6 Bc8 56. Bb5 Bb7 57. Bc4 Bc6 58. Ba6 Bd7 1/2-1/2

[Event "Xtracon Chess Open 2016"]
[Site "Elsinore"]
[Date "2016.07.28"]
[Round "7.48"]
[White "Ranaldi, Lucas"]
[Black "Molvig, Henrik"]
[Result "1-0"]
[WhiteElo "2228"]
[BlackElo "2110"]
[PlyCount "37"]
[EventDate "2016.07.23"]

1. d4 d5 2. c4 e6 3. Nc3 Be7 4. Nf3 Nf6 5. Bg5 O-O 6. e3 Nbd7 7. Rc1 c6 8. Qc2
h6 9. Bh4 Re8 10. Bd3 dxc4 11. Bxc4 Nd5 12. Bg3 Nxc3 13. bxc3 b6 14. O-O Bb7
15. Rfd1 Qc8 16. Qe2 Bf6 17. a4 a6 18. e4 e5 19. Qa2 1-0

[Event "Xtracon Chess Open 2016"]
[Site "Elsinore"]
[Date "2016.07.28"]
[Round "7.50"]
[White "Akdag, Dara Sevkan"]
[Black "Machlik, Edit"]
[Result "1-0"]
[WhiteElo "2213"]
[BlackElo "2090"]
[PlyCount "43"]
[EventDate "2016.07.23"]

1. Nf3 Nf6 2. c4 e6 3. Nc3 Bb4 4. g3 O-O 5. Bg2 b6 6. Qb3 Bxc3 7. Qxc3 Bb7 8.
O-O d6 9. b3 c5 10. Bb2 Nbd7 11. d4 Qc7 12. Rad1 Rfd8 13. d5 exd5 14. cxd5 Re8
15. Rfe1 b5 16. Nh4 a5 17. Nf5 Ra6 18. Qd2 h6 19. g4 Qd8 20. g5 hxg5 21. Qxg5
g6 22. Rd3 1-0

[Event "Xtracon Chess Open 2016"]
[Site "Elsinore"]
[Date "2016.07.28"]
[Round "7.51"]
[White "Thogersen, Rasmus"]
[Black "Henrichsen, Jens"]
[Result "1-0"]
[WhiteElo "2205"]
[BlackElo "1984"]
[PlyCount "51"]
[EventDate "2016.07.23"]

1. e4 e5 2. Nf3 Nc6 3. Bb5 a6 4. Ba4 Nf6 5. O-O Be7 6. Re1 b5 7. Bb3 d6 8. c3
O-O 9. h3 Nb8 10. d4 Nbd7 11. Nbd2 Bb7 12. Bc2 Re8 13. Nf1 Bf8 14. Ng3 g6 15.
b3 Bg7 16. d5 Rc8 17. a4 bxa4 18. Rxa4 Nc5 19. Ra3 c6 20. b4 Ncd7 21. dxc6 Rxc6
22. Ba4 Rc8 23. Qxd6 Bf8 24. Qd2 a5 25. Bxd7 axb4 26. Bxc8 1-0

[Event "Xtracon Chess Open 2016"]
[Site "Elsinore"]
[Date "2016.07.28"]
[Round "7.52"]
[White "Rewitz, Poul"]
[Black "Skovgaard, Ib"]
[Result "1-0"]
[WhiteElo "2202"]
[BlackElo "1972"]
[PlyCount "57"]
[EventDate "2016.07.23"]

1. g3 d5 2. Bg2 Nc6 3. d4 Bg4 4. h3 Bf5 5. Nf3 Qd7 6. c3 f6 7. b4 a5 8. b5 Na7
9. a4 c6 10. bxc6 Nxc6 11. Ba3 e6 12. Bxf8 Kxf8 13. Nbd2 Nge7 14. O-O g5 15.
Nb3 b6 16. Nfd2 Rc8 17. e4 dxe4 18. Nxe4 Kg7 19. c4 Nb4 20. c5 Ned5 21. cxb6
Bxe4 22. Bxe4 Nc3 23. Qf3 Nxa4 24. b7 Rc3 25. Qh5 Nd5 26. b8=Q Nab6 27. Nc5
Rxc5 28. Qxh8+ Kxh8 29. dxc5 1-0

[Event "Xtracon Chess Open 2016"]
[Site "Elsinore"]
[Date "2016.07.28"]
[Round "7.54"]
[White "Skjoldager, Mikael"]
[Black "Kramer, Julian"]
[Result "0-1"]
[WhiteElo "2054"]
[BlackElo "2341"]
[PlyCount "58"]
[EventDate "2016.07.23"]

1. d4 Nf6 2. c4 g6 3. Nc3 d5 4. cxd5 Nxd5 5. e4 Nxc3 6. bxc3 Bg7 7. Bc4 c5 8.
Ne2 O-O 9. O-O Nc6 10. Be3 b6 11. Rc1 Bb7 12. f4 e6 13. Kh1 Qe7 14. Qe1 Rac8
15. Qf2 cxd4 16. cxd4 Na5 17. Bd3 Qa3 18. Rxc8 Rxc8 19. Bb1 Nc4 20. Bc1 Qb4 21.
Bd3 Nb2 22. Bxb2 Qxb2 23. f5 exf5 24. exf5 Qxa2 25. fxg6 hxg6 26. Bb1 Qd5 27.
Nf4 Qxd4 28. Qa2 Qxf4 29. Bd3 Rc1 0-1

[Event "Xtracon Chess Open 2016"]
[Site "Elsinore"]
[Date "2016.07.28"]
[Round "7.55"]
[White "Salerno, Christian"]
[Black "Flick, Antoine"]
[Result "0-1"]
[WhiteElo "2052"]
[BlackElo "2318"]
[PlyCount "46"]
[EventDate "2016.07.23"]

1. e4 c5 2. Nf3 Nc6 3. d4 cxd4 4. Nxd4 e5 5. Nb5 d6 6. c4 Be7 7. N1c3 a6 8. Na3
f5 9. Bd3 f4 10. Nc2 Nf6 11. Nd5 O-O 12. Bd2 Kh8 13. Nxf6 Rxf6 14. Nb4 Rg6 15.
g3 Nd4 16. Be2 Bh3 17. Bc3 Bg2 18. Rg1 Bxe4 19. Bxd4 exd4 20. Qxd4 Re6 21. gxf4
Bf6 22. Qe3 Qa5 23. a3 Bf5 0-1

[Event "Xtracon Chess Open 2016"]
[Site "Elsinore"]
[Date "2016.07.28"]
[Round "7.56"]
[White "Nielsen, Andre"]
[Black "Nielsen, Hogni Egilstoft"]
[Result "0-1"]
[WhiteElo "2047"]
[BlackElo "2301"]
[PlyCount "118"]
[EventDate "2016.07.23"]

1. e4 e5 2. Nf3 Nc6 3. Bb5 a6 4. Ba4 Nf6 5. O-O b5 6. Bb3 Be7 7. Re1 O-O 8. d3
d6 9. c3 Na5 10. Bc2 c5 11. d4 Qc7 12. b3 cxd4 13. cxd4 Bg4 14. Bd3 Nc6 15. Bb2
Nxd4 16. Bxd4 exd4 17. Nbd2 Nd7 18. Be2 Bf6 19. Rc1 Qb6 20. h3 Bh5 21. Nf1 Rfe8
22. Ng3 Bg6 23. Bd3 Rac8 24. Bb1 Rxc1 25. Qxc1 Ne5 26. Qd1 Nxf3+ 27. Qxf3 Qc6
28. Rd1 h6 29. Nf5 Qc3 30. Nxd6 Qxf3 31. gxf3 Rd8 32. Nf5 Bxf5 33. exf5 Rc8 34.
f4 Rc3 35. Bd3 Kf8 36. Kg2 Ke7 37. Kf3 Kd6 38. Ke4 Kc5 39. Rd2 Kb4 40. Rd1 Ka3
41. Bb1 h5 42. Rh1 h4 43. Kd5 b4 44. Ke4 a5 45. Kd5 Kb2 46. Ke4 Rc1 47. Rxc1
Kxc1 48. Bd3 Kb2 49. Bc4 Kxa2 50. Kd3 Ka3 51. Kc2 a4 52. bxa4 b3+ 53. Kb1 Kxa4
54. Bd3 Ka3 55. Ka1 b2+ 56. Kb1 Kb3 57. Bc2+ Kc3 58. f3 d3 59. Bd1 Kd2 0-1

[Event "Xtracon Chess Open 2016"]
[Site "Elsinore"]
[Date "2016.07.28"]
[Round "7.57"]
[White "Dahl, Trygve"]
[Black "Machlik, Monika"]
[Result "0-1"]
[WhiteElo "2233"]
[BlackElo "2045"]
[PlyCount "80"]
[EventDate "2016.07.23"]

1. e4 c6 2. d4 d5 3. e5 Bf5 4. Nf3 e6 5. Be2 c5 6. Be3 cxd4 7. Nxd4 Ne7 8. Nc3
Nbc6 9. Bb5 Bg6 10. O-O a6 11. Bxc6+ Nxc6 12. f4 Bc5 13. Na4 Bxd4 14. Bxd4 Bxc2
15. Qxc2 Nxd4 16. Qc5 Nc6 17. Nb6 Rb8 18. f5 Qe7 19. Qf2 Nxe5 20. Rac1 O-O 21.
f6 Qxf6 22. Qxf6 gxf6 23. Rxf6 Rfd8 24. Rc7 Rd6 25. Na4 Rc6 26. Rxc6 bxc6 27.
b3 Rb4 28. Rf2 Kg7 29. Rc2 Kf6 30. Nc5 a5 31. Rd2 Ng6 32. g3 Ke7 33. h4 Kd6 34.
Na4 f5 35. h5 Ne5 36. Rc2 Nd7 37. Nc3 d4 38. Ne2 e5 39. Rd2 Nf6 40. h6 c5 0-1

[Event "Xtracon Chess Open 2016"]
[Site "Elsinore"]
[Date "2016.07.28"]
[Round "7.58"]
[White "Jorgensen, Dennis"]
[Black "Thaler, Toni"]
[Result "1/2-1/2"]
[WhiteElo "2215"]
[BlackElo "2037"]
[PlyCount "69"]
[EventDate "2016.07.23"]

1. d4 e6 2. c4 b6 3. Nf3 Bb7 4. g3 f5 5. Bg2 Nf6 6. O-O Be7 7. Nc3 Ne4 8. Bd2
Bf6 9. Rc1 d6 10. d5 Bxc3 11. Bxc3 e5 12. b4 a5 13. a3 axb4 14. axb4 Nxc3 15.
Rxc3 Nd7 16. Qd2 h6 17. Rb1 g5 18. c5 Nf6 19. Ne1 e4 20. c6 Bc8 21. Nc2 Qe7 22.
f4 exf3 23. exf3 O-O 24. Re1 Qf7 25. f4 g4 26. Rce3 Re8 27. Nd4 Rxe3 28. Qxe3
Kg7 29. Qc3 Kg6 30. Qb3 h5 31. Qc4 Kg7 32. Qb5 Kg6 33. Qc4 Kg7 34. Qb5 Kg6 35.
Qc4 1/2-1/2

[Event "Xtracon Chess Open 2016"]
[Site "Elsinore"]
[Date "2016.07.28"]
[Round "7.59"]
[White "Svane, Frederik"]
[Black "Rolvag, Mikael"]
[Result "1/2-1/2"]
[WhiteElo "2044"]
[BlackElo "2214"]
[PlyCount "26"]
[EventDate "2016.07.23"]

1. e4 c5 2. Nf3 Nc6 3. Bb5 Nf6 4. Bxc6 dxc6 5. d3 g6 6. O-O Bg7 7. h3 O-O 8.
Nc3 e5 9. Be3 Qd6 10. a4 Ne8 11. a5 Nc7 12. Nd2 Be6 13. Qe2 f5 1/2-1/2

[Event "Xtracon Chess Open 2016"]
[Site "Elsinore"]
[Date "2016.07.28"]
[Round "7.60"]
[White "Jacobsen, Fredrik Beer"]
[Black "Hoyer, Jacob K"]
[Result "1/2-1/2"]
[WhiteElo "2028"]
[BlackElo "2212"]
[PlyCount "56"]
[EventDate "2016.07.23"]

1. e4 c5 2. Nc3 Nc6 3. Bb5 Nd4 4. Bc4 e6 5. Nge2 Nf6 6. O-O a6 7. a4 d5 8. exd5
exd5 9. Nxd5 Nxd5 10. Nxd4 cxd4 11. Qh5 Be6 12. Re1 Nf4 13. Qg4 Be7 14. Qxg7
Bf6 15. Qg4 Kf8 16. Qxf4 Bxc4 17. b3 Be6 18. Ba3+ Kg8 19. Bd6 h6 20. Bc7 Qe7
21. Bd6 Qd7 22. Qxf6 Qxd6 23. Re4 Rd8 24. Rxe6 fxe6 25. Qg6+ Kf8 26. Qf6+ Kg8
27. Qg6+ Kf8 28. Qf6+ Kg8 1/2-1/2

[Event "Xtracon Chess Open 2016"]
[Site "Elsinore"]
[Date "2016.07.28"]
[Round "7.61"]
[White "Solberg, Joachim"]
[Black "Arndt, Uwe"]
[Result "1-0"]
[WhiteElo "2211"]
[BlackElo "2023"]
[PlyCount "45"]
[EventDate "2016.07.23"]

1. e4 c6 2. d4 d5 3. Nc3 dxe4 4. Nxe4 Bf5 5. Ng3 Bg6 6. h4 h6 7. Nf3 Nd7 8. h5
Bh7 9. Bd3 Bxd3 10. Qxd3 e6 11. Bf4 Qa5+ 12. Bd2 Bb4 13. c3 Be7 14. O-O Ngf6
15. Rfe1 O-O 16. Ne5 Rfd8 17. Nxf7 Kxf7 18. Qg6+ Kg8 19. Bxh6 Bf8 20. Bxg7 Bxg7
21. h6 Ne8 22. Rxe6 Ndf6 23. Rxf6 1-0

[Event "Xtracon Chess Open 2016"]
[Site "Elsinore"]
[Date "2016.07.28"]
[Round "7.62"]
[White "Pallesen, Jacob"]
[Black "Rosenkilde, Alexander"]
[Result "1/2-1/2"]
[WhiteElo "2026"]
[BlackElo "2211"]
[PlyCount "65"]
[EventDate "2016.07.23"]

1. g3 e5 2. Bg2 Nc6 3. c3 d5 4. d4 Be6 5. dxe5 Nxe5 6. Nd2 Nf6 7. Ngf3 Ned7 8.
Nd4 Bg4 9. h3 Bh5 10. O-O c5 11. Nf5 Bg6 12. Nh4 Be7 13. c4 Nb6 14. cxd5 Nbxd5
15. Qa4+ Qd7 16. Qxd7+ Kxd7 17. Nxg6 hxg6 18. Nc4 Rhd8 19. e4 Nc7 20. Bf4 Ne6
21. Rad1+ Ke8 22. Bd6 Nd7 23. e5 Bxd6 24. Nxd6+ Ke7 25. Nxb7 Rh8 26. f4 Rab8
27. Rd2 Rhc8 28. Rfd1 Rc7 29. Na5 Rb6 30. Nc4 Rb8 31. Na5 Rb6 32. Nc4 Rb8 33.
Na5 1/2-1/2

[Event "Xtracon Chess Open 2016"]
[Site "Elsinore"]
[Date "2016.07.28"]
[Round "7.63"]
[White "Slettebo, Jan"]
[Black "Ramsdal, Jens Albert"]
[Result "0-1"]
[WhiteElo "2022"]
[BlackElo "2204"]
[PlyCount "34"]
[EventDate "2016.07.23"]

1. e4 c5 2. Nf3 e6 3. d4 cxd4 4. Nxd4 Nc6 5. Nc3 Qc7 6. Be3 a6 7. Bd3 Nf6 8.
O-O Nxd4 9. Bxd4 Bc5 10. Be2 d6 11. Qd3 Bxd4 12. Qxd4 Bd7 13. Rad1 Ke7 14. f4
Bc6 15. Bf3 Rhd8 16. e5 dxe5 17. Qc5+ Ke8 0-1

[Event "Xtracon Chess Open 2016"]
[Site "Elsinore"]
[Date "2016.07.28"]
[Round "7.64"]
[White "Petersen, Peter Birk"]
[Black "Madsen, Michael Ole"]
[Result "0-1"]
[WhiteElo "2197"]
[BlackElo "2010"]
[PlyCount "170"]
[EventDate "2016.07.23"]

1. c4 c6 2. Nf3 d5 3. e3 Nf6 4. Nc3 Bf5 5. cxd5 Nxd5 6. Qb3 Nb6 7. Be2 e6 8.
Nd4 Bg6 9. h4 N8d7 10. h5 Nc5 11. Qd1 Bd3 12. b4 Bxe2 13. Qxe2 Ncd7 14. Rb1 h6
15. Ne4 Be7 16. Rh3 Nf6 17. Nc5 Qd5 18. Nxb7 Qxg2 19. Qf3 Qxf3 20. Nxf3 Nbd5
21. a3 Rb8 22. Na5 c5 23. Ne5 cxb4 24. Nac6 Rb6 25. Nxe7 Nxe7 26. axb4 Nc6 27.
Nxc6 Rxc6 28. Bb2 Ke7 29. Bxf6+ Kxf6 30. Rf3+ Ke7 31. Rf4 Rb8 32. Ke2 Rb5 33.
Ra1 Rc7 34. Rh4 Rcb7 35. Ra4 Kf6 36. f3 Rd7 37. d3 Rdb7 38. Kd2 Rd7 39. Kc3
Rbd5 40. d4 Rc7+ 41. Kd3 Rcd7 42. Ke4 Kg5 43. Rg4+ Kxh5 44. Rg2 Rb7 45. f4 g5
46. fxg5 hxg5 47. Rh2+ Kg6 48. Rh8 Rdb5 49. Rg8+ Kf6 50. Ra1 Rb8 51. Rf1+ Ke7
52. Rg7 Rf8 53. Ra1 Kf6 54. Rh7 Rxb4 55. Rxa7 Kg6 56. Rh1 Rb5 57. Kf3 Rfb8 58.
Rc1 R8b7 59. Ra8 Rf5+ 60. Ke4 Rb2 61. Rh1 Rg2 62. Rg8+ Kf6 63. Rh6+ Ke7 64. Ra8
Rg4+ 65. Kd3 Rf3 66. Ra7+ Kf8 67. Ke2 Rgg3 68. Ra3 Kg7 69. Rh2 Kg6 70. Rf2 g4
71. Rxf3 Rxf3 72. Ra8 Kg5 73. Rg8+ Kh4 74. e4 Kg3 75. Rg7 Rf4 76. Ke3 f5 77.
exf5 exf5 78. d5 Ra4 79. d6 f4+ 80. Kd3 Ra6 81. d7 Rd6+ 82. Ke4 f3 83. Kf5 Rxd7
84. Rxd7 f2 85. Rd1 Kg2 0-1

[Event "Xtracon Chess Open 2016"]
[Site "Elsinore"]
[Date "2016.07.28"]
[Round "7.65"]
[White "Rosell, Sven"]
[Black "Eriksson, Christian Altenburg"]
[Result "1-0"]
[WhiteElo "1996"]
[BlackElo "2176"]
[PlyCount "131"]
[EventDate "2016.07.23"]

1. c4 c5 2. Nf3 Nc6 3. g3 g6 4. Bg2 Bg7 5. Nc3 e6 6. O-O Nge7 7. e3 O-O 8. Rb1
d5 9. d3 b6 10. a3 Bb7 11. Qc2 Qd7 12. b3 Rad8 13. Rd1 d4 14. Ne2 e5 15. exd4
cxd4 16. b4 f5 17. b5 Nb8 18. a4 Rc8 19. Qb3 Kh8 20. Ba3 Rc7 21. Re1 Bf6 22.
Rbd1 Re8 23. Bc1 Kg7 24. Bg5 Ng8 25. Bxf6+ Nxf6 26. Nc1 Qd6 27. Na2 Nbd7 28.
Nb4 Nc5 29. Qc2 Rce7 30. Nc6 Bxc6 31. bxc6 e4 32. dxe4 d3 33. Qc3 fxe4 34. Nd4
Nxa4 35. Qa1 Nc5 36. Bh3 Rd8 37. c7 Rxc7 38. Nb5 Qe7 39. Nxc7 Qxc7 40. Bg2 Re8
41. Re3 Kf7 42. h3 a5 43. Kh2 h5 44. Qb2 h4 45. Kg1 Re6 46. g4 Qd8 47. f3 exf3
48. Rxf3 Re2 49. Qa1 g5 50. Rxf6+ Qxf6 51. Rf1 Qxf1+ 52. Qxf1+ Ke7 53. Bd5 a4
54. Qf7+ Kd8 55. Qf6+ Kc7 56. Qc6+ Kd8 57. Qxb6+ Ke8 58. Qxc5 d2 59. Bc6+ Kf7
60. Qf5+ Ke7 61. Qh7+ Kf6 62. Qf5+ Ke7 63. Qxg5+ Kf7 64. Bd5+ Kf8 65. Qf6+ Ke8
66. Bc6# 1-0

[Event "Xtracon Chess Open 2016"]
[Site "Elsinore"]
[Date "2016.07.28"]
[Round "7.66"]
[White "Andersen, Morten"]
[Black "Frisk, Hans"]
[Result "1/2-1/2"]
[WhiteElo "2173"]
[BlackElo "1981"]
[PlyCount "88"]
[EventDate "2016.07.23"]

1. d4 Nf6 2. c4 e6 3. g3 Bb4+ 4. Bd2 a5 5. Bg2 O-O 6. e4 d5 7. e5 Ne8 8. Nf3 c5
9. O-O cxd4 10. Bg5 Qc7 11. cxd5 exd5 12. Qxd4 Be6 13. Bf4 Nc6 14. Qd3 Qd7 15.
Nc3 Nc7 16. Rfd1 h6 17. h4 Rad8 18. a3 Bc5 19. Rac1 Ba7 20. Na4 Bf5 21. Qd2 Ne6
22. b4 Ncd4 23. Nxd4 Nxd4 24. Nc5 Bxc5 25. Rxc5 Nb3 26. Rxd5 Nxd2 27. Rxd7 Rxd7
28. Rxd2 Rxd2 29. Bxd2 Rd8 30. Be3 axb4 31. axb4 b5 32. Bc6 Rd1+ 33. Kg2 Bd3
34. Kf3 Bc4 35. Ke4 Bf1 36. Kf3 Rb1 37. Bc5 Rb3+ 38. Kf4 Rc3 39. Bd5 Bc4 40.
Bc6 g6 41. Bd7 Rd3 42. Bc6 Kg7 43. Ke4 Rb3 44. Bd6 Rd3 1/2-1/2

[Event "Xtracon Chess Open 2016"]
[Site "Elsinore"]
[Date "2016.07.28"]
[Round "7.67"]
[White "Aubert, Carsten"]
[Black "Goldie, Thomas"]
[Result "1-0"]
[WhiteElo "1977"]
[BlackElo "2171"]
[PlyCount "53"]
[EventDate "2016.07.23"]

1. d4 d5 2. c4 c6 3. Nc3 Nf6 4. Nf3 a6 5. e3 Bf5 6. Be2 e6 7. O-O dxc4 8. Bxc4
Be7 9. Ne5 Nbd7 10. Qe2 Nxe5 11. dxe5 Ne4 12. f3 Nxc3 13. bxc3 b5 14. e4 Bc5+
15. Kh1 Bg6 16. Bb3 f6 17. f4 Bf7 18. f5 Qe7 19. fxe6 Bg6 20. exf6 gxf6 21. e5
fxe5 22. Qxe5 Rg8 23. Rd1 Qg7 24. Qxc5 Be4 25. Qh5+ Bg6 26. Qf3 Be4 27. Qf7+
1-0

[Event "Xtracon Chess Open 2016"]
[Site "Elsinore"]
[Date "2016.07.28"]
[Round "7.68"]
[White "Christiansen, Jens Jorgen"]
[Black "Voll, Oddvar U"]
[Result "0-1"]
[WhiteElo "2170"]
[BlackElo "1967"]
[PlyCount "88"]
[EventDate "2016.07.23"]

1. d4 d5 2. c4 c6 3. Nf3 Nf6 4. e3 g6 5. Nc3 Bg7 6. Be2 O-O 7. O-O b6 8. a4
Nbd7 9. b4 a6 10. cxd5 cxd5 11. Qb3 Bb7 12. b5 a5 13. Ba3 Re8 14. Ne5 Nxe5 15.
dxe5 Nd7 16. f4 e6 17. Rfd1 Rc8 18. Bf3 Qc7 19. Rac1 Nc5 20. Bxc5 bxc5 21. b6
Qc6 22. Rb1 Ba6 23. Nxd5 exd5 24. Bxd5 Qd7 25. b7 Rb8 26. Qb6 Be2 27. Bf3 Bxd1
28. Rxd1 Qxa4 29. Rb1 Red8 30. Bg4 Bxe5 31. Bc8 Rd1+ 32. Rxd1 Qxd1+ 33. Kf2
Qd2+ 34. Kf3 Bd6 35. f5 Bxh2 36. g3 Qd5+ 37. Kf2 Qe5 38. Qd8+ Kg7 39. g4 h6 40.
Qxa5 c4 41. Kg2 Qg3+ 42. Kf1 Qf3+ 43. Ke1 Qxe3+ 44. Kd1 Qd3+ 0-1

[Event "Xtracon Chess Open 2016"]
[Site "Elsinore"]
[Date "2016.07.28"]
[Round "7.69"]
[White "Rasmussen, Lars"]
[Black "Skjoldager, Per"]
[Result "0-1"]
[WhiteElo "1956"]
[BlackElo "2160"]
[PlyCount "132"]
[EventDate "2016.07.23"]

1. e4 c6 2. d4 d5 3. Nc3 dxe4 4. Nxe4 Nf6 5. Nxf6+ exf6 6. c3 Bd6 7. Bd3 O-O 8.
Ne2 Qc7 9. Ng3 Re8+ 10. Be3 g6 11. Ne4 Be7 12. Qd2 f5 13. Ng3 Bd6 14. O-O f4
15. Ne4 Rxe4 16. Bxe4 f5 17. Bc2 Be6 18. g3 fxe3 19. Qxe3 Bf7 20. Bb3 Nd7 21.
Bxf7+ Kxf7 22. Rfe1 Nf6 23. Qe6+ Kg7 24. Qc4 f4 25. Re2 Nd5 26. Qd3 Rf8 27.
Rae1 Rf7 28. a3 Qd7 29. Re6 Nc7 30. R6e4 Qf5 31. Qf1 Nd5 32. c4 Nf6 33. Re6 Bf8
34. R6e5 Qc2 35. Qe2 Qxe2 36. R5xe2 Rd7 37. Rd1 fxg3 38. fxg3 Bc5 39. Red2 Bb6
40. Kg2 Ne4 41. Re2 Nf6 42. Red2 Ng4 43. Rd3 Re7 44. c5 Bc7 45. R1d2 Ne3+ 46.
Kf2 Nd5 47. Re2 Rf7+ 48. Rf3 Rd7 49. Re6 Ne7 50. Rfe3 Nf5 51. R3e4 Kf7 52. Re8
Rxd4 53. Rxd4 Kxe8 54. Rb4 b5 55. cxb6 axb6 56. Rc4 c5 57. b4 Kd7 58. bxc5 bxc5
59. Kf3 Kc6 60. Rc1 Kd5 61. a4 c4 62. Ke2 Nd4+ 63. Kd1 Ba5 64. Rb1 c3 65. Rb8
Kc4 66. Ra8 Kd3 0-1

[Event "Xtracon Chess Open 2016"]
[Site "Elsinore"]
[Date "2016.07.28"]
[Round "7.70"]
[White "Burrows, Martin P"]
[Black "Oe, Oluf"]
[Result "1-0"]
[WhiteElo "2149"]
[BlackElo "1971"]
[PlyCount "67"]
[EventDate "2016.07.23"]

1. e4 e5 2. Nf3 Nc6 3. Bb5 a6 4. Ba4 Nf6 5. O-O b5 6. Bb3 Be7 7. Re1 d6 8. c3
Na5 9. Bc2 c5 10. d4 Qc7 11. Nbd2 Bg4 12. h3 Bh5 13. d5 O-O 14. b3 Rac8 15. Nf1
Nb7 16. g4 Bg6 17. Ng3 Nd7 18. Kh2 Qd8 19. Qe2 Nb6 20. Nf5 Bxf5 21. gxf5 Bf6
22. Rg1 c4 23. b4 a5 24. bxa5 Nxa5 25. Rb1 Qd7 26. Bg5 Bxg5 27. Nxg5 f6 28. Ne6
Rf7 29. Rg4 Kh8 30. Rbg1 Rg8 31. Qe3 Na4 32. Qh6 g5 33. fxg6 Rfg7 34. gxh7 1-0

[Event "Xtracon Chess Open 2016"]
[Site "Elsinore"]
[Date "2016.07.28"]
[Round "7.71"]
[White "Heinis, Vincent"]
[Black "Huse, Sigurd Kjelsbol"]
[Result "1-0"]
[WhiteElo "2131"]
[BlackElo "1963"]
[PlyCount "79"]
[EventDate "2016.07.23"]

1. Nf3 d5 2. g3 Nf6 3. Bg2 c6 4. c4 Bg4 5. O-O e6 6. d3 Nbd7 7. cxd5 exd5 8. h3
Bh5 9. Nc3 Be7 10. e4 dxe4 11. dxe4 O-O 12. g4 Bg6 13. Qe2 Nc5 14. Ne5 Qc7 15.
Bf4 Ne6 16. Bg3 Qb6 17. h4 Nd4 18. Qc4 Bd6 19. Nd7 Nxd7 20. Bxd6 h5 21. Na4 Qd8
22. Qxd4 Re8 23. g5 b5 24. Nc3 Nb6 25. Rad1 Nc4 26. e5 Nxb2 27. Bxc6 Nxd1 28.
Rxd1 Rc8 29. Bd5 Qa5 30. Ne4 Bf5 31. Bb4 Qd8 32. Nd6 Be6 33. g6 fxg6 34. Bxe6+
Rxe6 35. Nxc8 Qxc8 36. Qd8+ Qxd8 37. Rxd8+ Kh7 38. Bd6 g5 39. hxg5 Kg6 40. f4
1-0

[Event "Xtracon Chess Open 2016"]
[Site "Elsinore"]
[Date "2016.07.28"]
[Round "7.72"]
[White "Kizatbay, Alseit"]
[Black "Vestby Ellingsen, Mads"]
[Result "1-0"]
[WhiteElo "1945"]
[BlackElo "2126"]
[PlyCount "111"]
[EventDate "2016.07.23"]

1. d4 d5 2. Nf3 Nf6 3. c4 e6 4. Nc3 dxc4 5. Qa4+ c6 6. Qxc4 b5 7. Qb3 a6 8. g3
Bb7 9. a4 Nbd7 10. Bg2 Bd6 11. e4 Bc7 12. O-O O-O 13. Be3 Nb6 14. Ne5 Nfd7 15.
Rfd1 Bxe5 16. dxe5 Nc4 17. Bg5 Qc8 18. f4 Re8 19. Bf1 h6 20. Bh4 Ncxe5 21. fxe5
g5 22. Bxg5 hxg5 23. Rac1 Qc7 24. axb5 Qb6+ 25. Kg2 Nxe5 26. Na4 Qc7 27. b6 Qe7
28. Nc5 Kg7 29. Qc3 f6 30. Rd2 Red8 31. Rcd1 Rxd2+ 32. Rxd2 a5 33. Qd4 Rh8 34.
h3 Kg6 35. Qd6 Rh7 36. Nxe6 Qxd6 37. Rxd6 Rh6 38. Nc5 Rh7 39. Nb3 Bc8 40. Nxa5
Bxh3+ 41. Kg1 Bxf1 42. Kxf1 Rh1+ 43. Kg2 Rh8 44. Nxc6 Nc4 45. e5 Nxb6 46. Rxf6+
Kg7 47. Nd4 Nc4 48. Nf5+ Kh7 49. Rh6+ Kg8 50. Rxh8+ Kxh8 51. e6 Kg8 52. b3 Ne5
53. Kh3 Kf8 54. b4 Ke8 55. b5 Kd8 56. b6 1-0

[Event "Xtracon Chess Open 2016"]
[Site "Elsinore"]
[Date "2016.07.28"]
[Round "7.73"]
[White "Laustsen, Lars"]
[Black "Ukkelberg, Oyvind"]
[Result "1-0"]
[WhiteElo "2118"]
[BlackElo "1956"]
[PlyCount "53"]
[EventDate "2016.07.23"]

1. d4 e6 2. c4 Nf6 3. g3 c5 4. d5 exd5 5. cxd5 d6 6. Nc3 g6 7. Bg2 Bg7 8. Nf3
O-O 9. O-O Re8 10. Bf4 a6 11. a4 Bf5 12. Nd2 Nh5 13. e4 Nxf4 14. gxf4 Bc8 15.
Nc4 f5 16. e5 dxe5 17. fxe5 Bxe5 18. d6 Bxh2+ 19. Kxh2 Qh4+ 20. Kg1 Qxc4 21.
Bd5+ Be6 22. Bxc4 Bxc4 23. Re1 Nd7 24. Qd2 Bf7 25. Rxe8+ Rxe8 26. Re1 Ne5 27.
Rxe5 1-0